| 000 | 01521nam0a2200325 i 4500 | ||
|---|---|---|---|
| 001 | RU\NLR\bibl\1947160 | ||
| 005 | 20240921141756.0 | ||
| 021 |
_aRU _b2012-64007 _94698 |
||
| 035 | _a(nilc)RSL-KNO-005487445 | ||
| 035 | _a(NLR Aleph) 001936350 | ||
| 090 |
_a3505047 _c3505047 |
||
| 100 | _a20120829d2012 u y0rusy50 ca | ||
| 101 | 0 | _arus | |
| 102 | _aRU | ||
| 105 | _aa z ||||| | ||
| 200 | 1 |
_aПлан счетов и Правила ведения бухгалтерского учета в кредитных организациях _eсборник документов _f[сост.: Чекмарев Е.А.] |
|
| 210 |
_aМосква _cРедакция журнала "Бухгалтерский учет в кредитных организациях" _d2012 |
||
| 215 |
_a327 с. _cил. _d29 |
||
| 225 | 1 |
_aБиблиотека журнала Бухгалтерский учет в кредитных организациях _vN° 1 (24) 2012 |
|
| 309 | _aНа обороте тит. л.: Вып. 24 | ||
| 606 | 1 |
_aКредитные учреждения _jНормативные документы _xБухгалтерский учет _yРоссийская Федерация _92185433 _3RU\NLR\auth\661313966 |
|
| 686 |
_aУ052.9(2)226.21б _2rubbk |
||
| 686 | _aУ052.9(2)226.21я8 | ||
| 702 | 1 |
_aЧекмарев _bЕ. А. _4220 |
|
| 801 | 0 |
_aRU _bRuMoRKP _c20120829 _grcr |
|
| 801 | 1 |
_aRU _bРГБ _c20120829 |
|
| 801 | 2 |
_aRU _bNLR _c20120921 _grcr |
|
| 942 | _cBOOK | ||
| 980 | _aNBR | ||